Put the Alphabet Back into the U.S. State - Statistics

General Stats
  • This quiz has been taken 121 times
  • The average score is 24 of 25
Answer Stats
Hint Explanation Answer % Correct
New Ersey New Jersey J
100%
Delaare Delaware W
99%
Kasas Kansas N
98%
Teas Texas X
98%
Hawii Hawaii A
97%
Alaama Alabama B
97%
Lorida Florida F
97%
Oreon Oregon G
97%
Indana Indiana I
97%
Ohi Ohio O
97%
Neada Nevada V
97%
Gorgia Georgia E
96%
Aine Maine M
96%
North Caolina North Carolina R
96%
Kentcky Kentucky U
96%
Marland Maryland Y
96%
Ariona Arizona Z
96%
Colorao Colorado D
95%
Caifornia California L
95%
Wasington Washington H
94%
Aransas Arkansas K
94%
Minneota Minnesota S
94%
Mississipi Mississippi P
93%
Conneticut Connecticut C
88%
Massachusets Massachusetts T
71%
No matching quizzes found
Score Distribution
Percent of People with Each Score
Percentile by Number Answered
Your Score History
You have not taken this quiz